00471nam a22001577a 450000500170000001000150001702000260003203500130005803700130007108200080008410000180009224500690011026000460017927000620022530000260028720150626115607.0 aENG-113025 a9789350355213c225.00 aEN-96557 bDBAD/PUB a340 aVij, Niharika aLaw & technology /cby Niharika Vij ; foreworded by Lalit Bhasin aNew DelhibUniversal Law Publishingc2015 aA-58, G.T. Karnal Road Industrial AreabNew Delhie110033 axvii,124p.c24cm(pbk)